FUNCTIONS OF ONE CALCULAS OF ONE VARIABLE (WITH ELEMENTS OF THEORY ) (Record no. 15493)
[ view plain ]
| 000 -LEADER | |
|---|---|
| fixed length control field | 00457cam a2200169ua 4500 |
| 008 - FIXED-LENGTH DATA ELEMENTS--GENERAL INFORMATION | |
| fixed length control field | 120410n1998 II |||gr||||Z||||||eng |
| 040 ## - CATALOGING SOURCE | |
| Original cataloging agency | MAIN |
| 041 ## - LANGUAGE CODE | |
| -- | English |
| 082 ## - DEWEY DECIMAL CLASSIFICATION NUMBER | |
| Classification number | 515.3 MAR |
| 100 ## - MAIN ENTRY--PERSONAL NAME | |
| Personal name | MARON , I.A. |
| 245 ## - TITLE STATEMENT | |
| Title | FUNCTIONS OF ONE CALCULAS OF ONE VARIABLE (WITH ELEMENTS OF THEORY ) |
| 260 ## - PUBLICATION, DISTRIBUTION, ETC. | |
| Place of publication, distribution, etc. | NEW DELHI |
| Name of publisher, distributor, etc. | CBS PUBLISHERS & DISTRIBUTORS |
| Date of publication, distribution, etc. | 1998 |
| 300 ## - PHYSICAL DESCRIPTION | |
| Extent | 453: |
| Dimensions | 22CM. |
| 942 ## - ADDED ENTRY ELEMENTS (KOHA) | |
| Koha item type | Books |
| 653 ## - INDEX TERM--UNCONTROLLED | |
| Uncontrolled term | Differential Calculus |
| Withdrawn status | Lost status | Damaged status | Not for loan | Collection code | Home library | Current library | Shelving location | Date acquired | Full call number | Barcode | Date last seen | Copy number | Price effective from | Koha item type | Public note |
|---|---|---|---|---|---|---|---|---|---|---|---|---|---|---|---|
| TBMAT | Central Library and Information Centre Sibsagar Girls College | Central Library and Information Centre Sibsagar Girls College | MATHEMATICS BOOK RACK | 13.07.2008 | 515.3 MAR | 23933 | 27.02.2020 | 1 | 27.02.2020 | Books | V |